| 000 | 00750nam a22002297a 4500 | ||
|---|---|---|---|
| 999 |
_c159446 _d159446 |
||
| 005 | 20181218115621.0 | ||
| 006 | a|||||f|||| 00| 0 | ||
| 007 | tc | ||
| 008 | 180720b xxu||||| |||| 00| 0 eng d | ||
| 010 | _aB-079108-B-079111 | ||
| 020 | _c30.00(per set) | ||
| 035 | _aB-079108 | ||
| 037 | _bA.I.C.B. | ||
| 082 | _a480 | ||
| 100 | _aSahoo, Sandhya Rani | ||
| 245 |
_aSteps to English _cby Sandhya Rani Sahoo |
||
| 260 |
_aDelhi _bA.C.I.B. _cN.D. |
||
| 270 |
_aSector-5, Rohini, _bNew Delhi _e110085 |
||
| 300 |
_a2V.,various pages. _c30cm(HB). |
||
| 942 |
_2ddc _cBRLEN _h480 _mSAH |
||